| 000 | 00365nam a2200145Ia 4500 | ||
|---|---|---|---|
| 008 | 230917s9999||||xx |||||||||||||| ||und|| | ||
| 040 |
_e106287 _aMAIN |
||
| 041 | _aEnglish | ||
| 082 | _a515.33 A51T | ||
| 100 | _aAhmad, Khalil | ||
| 245 | 0 | _aTextbook of differential calculus | |
| 260 |
_aNew Delhi _bAnamaya Publishers _c2004 |
||
| 300 | _a226 p. | ||
| 942 | _cBK | ||
| 999 |
_c123475 _d123475 |
||